000 00552nam a2200181Ia 4500
003 GCL
005 20240530103154.0
008 140319s9999 xx 000 0 ara d
040 _aGCL /
_cGCL
082 0 4 _a415.3
_bط ن
100 1 _aطلال علامة
245 1 0 _aنشاة النحو العربى فى مدرستى البصرة والكوفة /
_cطلال علامة
260 _a[S.N] :
_bدار الفكر اللبنانى ،
_c1992
300 _a208 ص
650 0 4 _aالنحو
650 0 4 _aاللغة العربية
942 _2ddc
_cBK
999 _c37329
_d37329